000 00653nam a22002055i 4500
001 152881
003 ES-MaACL
005 20230906204917.0
008 051019s1845 gw ac | |||||||| ||ger d
040 _aCAM
_bspa
_cCAM
100 1 _aBurns, Robert.
_932753
245 1 4 _aThe poetical works of Robert Burns.
260 _aLeipzig :
_bBernhard Tauchnitz,
_c1845.
300 _aXXIV, 366 p., [1] h. de lám. ;
_c16 cm.
490 1 _aCollection of british authors ;
_v90
599 _aLa h. de lám. retrato del autor.
830 0 _aCollection of british authors ;
_v90
_9180703
852 _aES-MaACL
_jG-11418
_z-- Enc. hol.
999 _c152881
_d152881